000
00267nam a2200109Ia 4500
008
190914s9999||||xx |||||||||||||| ||und||
100
_a
Jochen Schiller
245
0
_a
Mobile Communications
260
_a
New Delhi
_b
Tata McGraw Hill
_c
2004
300
_a
727
942
_c
BK
999
_c
9561
_d
9561